| 000 | 00643nam a2200229Ia 4500 | ||
|---|---|---|---|
| 003 | OSt | ||
| 005 | 20220918202748.0 | ||
| 006 | a|||||r|||| 00| 0 | ||
| 007 | ta | ||
| 008 | 220917b |||||||| |||| 00| 0 eng d | ||
| 024 | _a103,657 | ||
| 037 | _cTextual | ||
| 040 |
_aARTS _cARTS _beng |
||
| 041 |
_2eng _aeng |
||
| 082 | _aV2M48,1M12:28, K3 (EV) | ||
| 100 |
_aRahim M A _9101878 |
||
| 245 | 0 | _aLord Dalhousie's administration of the conquered and annexed states | |
| 260 |
_aDelhi _bS Chand _c1963 |
||
| 650 | _aHISTORY | ||
| 942 |
_hV2M48,1M12:28, K3 (EV) _cTEXL _2CC |
||
| 999 |
_c227058 _d227058 |
||